Unités urbaines d'Auvergne-Rhône-Alpes - Statistiques

Statistiques générales
  • Ce quiz a été pris 73 fois
  • Le résultat moyen est 24 sur 47
Statistiques - réponses
Population
Nombre de
Communes
Aire
d'attraction
Réponse % Correct
454 759 38 Elle-Même Grenoble
98%
1 693 159 124 Elle-Même Lyon
98%
375 389 32 Elle-Même Saint Etienne
97%
273 443 17 Elle-Même Clermont Ferrand
94%
182 901 14 Elle-Même Annecy
92%
132 301 10 Elle-Même Valence
92%
196 574 35 Elle-Même Chambéry
90%
61 732 5 Elle-Même Bourg en Bresse
84%
193 881 35 Genève Annemasse
79%
96 736 25 Lyon Vienne
75%
38 339 9 Elle-Même Le Puy en Velay
73%
80 593 16 Elle-Même Roanne
73%
57 830 7 Elle-Même Montélimar
71%
65 794 13 Elle-Même Vichy
70%
37 650 4 Elle-Même Moulins
67%
40 574 17 Elle-Même Albertville
63%
31 349 6 Elle-Même Oyonnax
63%
33 285 2 Elle-Même Aurillac
62%
52 165 6 Elle-Même Montluçon
60%
27 167 6 Elle-Même Annonay
56%
80 529 13 Elle-Même Thonon les Bains
56%
42 051 22 Elle-Même Aubenas
54%
33 545 6 Clermont Ferrand Riom
54%
61 194 9 Lyon Bourgoin Jallieu
51%
91 606 18 Elle-Même Cluses
51%
23 589 6 Elle-Même Montbrison
49%
57 066 6 Elle-Même Romans sur Isère
49%
62 558 15 Grenoble Voiron
49%
20 367 2 Genève Gex
48%
16 187 2 Elle-Même Issoire
46%
46 708 12 Elle-Même Sallanches
44%
17 346 3 Elle-Même Tarare
40%
18 096 2 Annecy Rumilly
35%
39 401 15 Lyon La Tour du Pin
32%
17 301 3 Lyon Ambérieu en Bugey
30%
31 086 9 Elle-Même Tournon sur Rhône
27%
17 365 2 Genève Valserhône
27%
63 662 12 Saint Etienne Saint Just Saint Rambert
25%
20 925 8 Elle-Même Saint Marcellin
21%
20 929 8 Lyon L'Arbresle
17%
20 761 5 Lyon Belleville en Beaujolais
16%
16 498 3 Valence Livron sur Drôme
11%
38 116 6 Lyon Villefontaine
11%
20 400 7 Grenoble Vizille
11%
28 868 4 Lyon Charvieu Chavagneux
8%
21 212 13 Aucune Le Pont de Beauvoisin
6%
20 100 7 Annecy Fillière
0%
Aucun quiz correspondant
Distribution des résultats
% des personnes avec chaque résultat
Percentile par nombre de réponses
Votre historique - résultats
Vous n’avez pas pris ce quiz